| 000 | 00834cam a22002174a 4500 | ||
|---|---|---|---|
| 020 | _a1903996422 (hardback) | ||
| 082 | 0 | 0 |
_a624.151 _bPAS _cN-01, P-146 |
| 100 |
_aPaster, Manuel _942447 |
||
| 245 | 0 | 0 |
_aNumerical modelling in geomechanics / _cedited by Manuel Pastor & Claudio Tamagnini. |
| 260 |
_aLondon ; _aSterling, VA : _bKogan Page Science, _c2004. |
||
| 300 |
_avi, 342 p. : _bill. ; _c24 cm. |
||
| 526 |
_a0 _b0 _c0 _d624_151000000000000_PAS |
||
| 650 | 0 |
_aMCE _9379 |
|
| 650 | 0 |
_aRock mechanics _xMathematical models. _942448 |
|
| 650 | 0 |
_aSoil mechanics _xMathematical models. _942449 |
|
| 700 | 1 |
_aPastor, Manuel. _942450 |
|
| 700 | 1 |
_aTamagnini, Claudio. _942451 |
|
| 856 | 4 | 2 | _uhttp://www.e-streams.com/es0710/es0710_3608.html |
| 856 | 4 | 2 | _uhttp://www.loc.gov/catdir/enhancements/fy0704/2003069461-d.html |
| 942 |
_2ddc _cBK |
||
| 999 |
_c546337 _d546337 |
||